• 首页
  • 本馆介绍
  • 公告通知
  • 最新文献
  • 馆藏检索
  • 电子资源
  • 读者导购
  • 参考咨询
  • 我的图书馆
  • 登录
  • 详细信息显示
  • 放入我的书架
  • 预约/预借图书
  • 作者相关作品
  • 分类相关作品
  • 丛书相关作品
  • 出版社相关作品

书目信息

  • 表格格式
  • 工作单格式
  • 卡片格式
题名:
中国北方沙尘暴研究
    
 
作者: 牛生杰 著
分册:  
出版信息: 北京   气象出版社  2011.03
页数: 166页
开本: 26cm
丛书名:
单 册:
中图分类: P425.5
科图分类:
主题词: 沙尘暴--研究--中国 , 沙尘暴
电子资源:
ISBN: 978-7-5029-5197-9
000 00848nam0 2200253 450
001 010000006710
005 20130701093732.35
010    @a978-7-5029-5197-9@dCNY48.00
100    @a20110705d2011 em y0chiy50 ea
101 0  @achi
102    @aCN@b110000
105    @aak z 000yy
106    @ar
200 1  @a中国北方沙尘暴研究@9zhong guo bei fang sha chen bao yan jiu@f牛生杰著
210    @a北京@c气象出版社@d2011.03
215    @a166页@c图@d26cm
300    @a江苏高校优势学科建设工程资助
330    @a本书内容涉及:沙尘暴发生频次的时空分布及其变化趋势;沙尘暴热力、动力结构及近地层要素变化特征;沙漠地区的大气扩散规律和边界层结构以及起沙通量模型等。
606 0  @a沙尘暴@x研究@y中国
606 0  @a沙尘暴
690    @aP425.5@v4
701  0 @a牛生杰@9niu sheng jie@4著
801  0 @aCN@bRENTIAN@c20110705
905    @b544950-54@dP425.5@e82@f5
    
    中国北方沙尘暴研究/牛生杰著.-北京:气象出版社,2011.03
    166页:图;26cm
    江苏高校优势学科建设工程资助
    
    ISBN 978-7-5029-5197-9:CNY48.00
    本书内容涉及:沙尘暴发生频次的时空分布及其变化趋势;沙尘暴热力、动力结构及近地层要素变化特征;沙漠地区的大气扩散规律和边界层结构以及起沙通量模型等。
●
相关链接 在E读中查询图书 在五车中查询图书 在当当中查询图书 在豆瓣中查询图书


正题名:中国北方沙尘暴研究     索取号:P425.5/82         预约/预借

序号 登录号 条形码 馆藏地/架位号 状态 备注
1 544950   205449503   第二样本阅览室/ [索取号:P425.5/82] 在馆    
2 544951   205449512   第三借阅区/ [索取号:P425.5/82] 在馆    
3 544952   205449521   第三借阅区/ [索取号:P425.5/82] 在馆    
4 544953   205449530   第三借阅区/ [索取号:P425.5/82] 在馆    
5 544954   205449549   第三借阅区/ [索取号:P425.5/82] 在馆    
唐山师范学院图书馆 欢迎您!
大连网信软件有限公司© 版权所有